[Event "Campeonato Iberoamericano"]
[Site "Ayamonte ESP"]
[Date "2006.11.17"]
[Round "8"]
[White "Narciso Dublan, Marc"]
[Black "Guillen Ramirez, Jose Antonio"]
[Result "1-0"]
[WhiteElo "2511"]
[BlackElo "2301"]
[PlyCount "71"]
[EventDate "2006.11.10"]
[EventType "k.o."]
[EventRounds "9"]
[EventCountry "ESP"]
[Source "lmi"]
[SourceDate "2006.11.10"]

1. e4 c5 2. Nc3 Nc6 3. Nge2 Nf6 4. g3 d5 5. exd5 Nxd5 6. Bg2 Nxc3 7. bxc3 g6 8.
d3 Bg7 9. Be3 Qd6 10. Qd2 O-O 11. Bh6 Bg4 12. Bxg7 Kxg7 13. O-O Bxe2 14. Qxe2
e6 15. a4 b6 16. a5 b5 17. d4 c4 18. Rfd1 Rab8 19. d5 exd5 20. Rxd5 Qf6 21. Qf3
Rfd8 22. Rxd8 Nxd8 23. Rd1 Ne6 24. Rd7 a6 25. Rd6 Qe5 26. Rxa6 b4 27. cxb4 Rxb4
28. h4 Nd4 29. Qd5 Ne2+ 30. Kh2 Qa1 31. Qf3 Ng1 32. Qe3 Rb1 33. h5 Rb8 34. h6+
Kg8 35. c3 Qd1 36. Qe5 1-0

[Event "Campeonato Iberoamericano"]
[Site "Ayamonte ESP"]
[Date "2006.11.17"]
[Round "8"]
[White "Perera Casina, Antonio"]
[Black "Izquierdo, Daniel"]
[Result "1/2-1/2"]
[WhiteElo "2124"]
[BlackElo "2310"]
[PlyCount "161"]
[EventDate "2006.11.10"]
[EventType "k.o."]
[EventRounds "9"]
[EventCountry "ESP"]
[Source "lmi"]
[SourceDate "2006.11.10"]

1. Nf3 g6 2. g3 Bg7 3. Bg2 e5 4. d3 Ne7 5. e4 O-O 6. Nh4 d5 7. O-O dxe4 8. dxe4
Nbc6 9. c3 Qxd1 10. Rxd1 Bg4 11. Re1 Rad8 12. Nd2 Rd7 13. Nf1 Rfd8 14. f4 Be6
15. Ne3 f6 16. f5 Bf7 17. Bh3 g5 18. Nf3 Nc8 19. Bf1 Nb6 20. h4 h6 21. hxg5
hxg5 22. b3 Bf8 23. Ng4 Bg7 24. Be3 Bh5 25. Nfh2 Nc8 26. Bb5 a6 27. Be2 Bf7 28.
Rad1 Nd6 29. Nf2 Nb5 30. Rxd7 Rxd7 31. Bxb5 axb5 32. Nhg4 Bh5 33. Re2 Kf7 34.
Rd2 Ke8 35. Kf1 Rxd2 36. Bxd2 Kd7 37. Be3 b6 38. Ke1 Nb8 39. Kd2 Kd6 40. Kd3
Nd7 41. Bc1 c5 42. Ne3 Bf7 43. Ba3 Kc6 44. Nfg4 c4+ 45. bxc4 bxc4+ 46. Nxc4
Nc5+ 47. Bxc5 Kxc5 48. Nge3 b5 49. Na5 Bxa2 50. Nb7+ Kc6 51. Nd8+ Kd7 52. Nb7
Bb1+ 53. Kd2 Ba2 54. Nd5 g4 55. Kd3 Bb1+ 56. Ke2 Ba2 57. Nc5+ Kc6 58. Ne6 Bc4+
59. Kf2 Bh6 60. Nxf6 Bd2 61. Nxg4 Bxc3 62. Ne3 Bd4 63. Nxd4+ exd4 64. Nc2 Kc5
65. Ke1 b4 66. Kd2 b3 67. Na3 Ba6 68. f6 Kd6 69. g4 Ke6 70. g5 Kf7 71. Kc1 Bb7
72. Nc4 Ke6 73. f7 Ke7 74. e5 Be4 75. Nd6 Bg6 76. Kb2 d3 77. Nc4 Bxf7 78. Nd2
Ke6 79. Nxb3 Kxe5 80. Kc3 Bxb3 81. Kxd3 1/2-1/2

[Event "Campeonato Iberoamericano"]
[Site "Ayamonte ESP"]
[Date "2006.11.17"]
[Round "8"]
[White "Teran Alvarez, Ismael"]
[Black "Fernandez Romero, Ernesto"]
[Result "1/2-1/2"]
[WhiteElo "2413"]
[BlackElo "2442"]
[PlyCount "25"]
[EventDate "2006.11.10"]
[EventType "k.o."]
[EventRounds "9"]
[EventCountry "ESP"]
[Source "lmi"]
[SourceDate "2006.11.10"]

1. d4 d5 2. c4 dxc4 3. Nf3 e6 4. e3 Nf6 5. Bxc4 a6 6. O-O c5 7. dxc5 Qxd1 8.
Rxd1 Bxc5 9. a3 b5 10. Be2 Bb7 11. b4 Be7 12. Bb2 Nbd7 13. Nbd2 1/2-1/2

[Event "Campeonato Iberoamericano"]
[Site "Ayamonte ESP"]
[Date "2006.11.17"]
[Round "8"]
[White "Zuluaga, Cesar"]
[Black "Mateo, Ramon"]
[Result "1-0"]
[WhiteElo "2278"]
[BlackElo "2415"]
[PlyCount "97"]
[EventDate "2006.11.10"]
[EventType "k.o."]
[EventRounds "9"]
[EventCountry "ESP"]
[Source "lmi"]
[SourceDate "2006.11.10"]

1. d4 Nf6 2. Nf3 c5 3. e3 e6 4. Bd3 b6 5. O-O Bb7 6. Nbd2 Be7 7. c4 Nc6 8. b3
d5 9. Bb2 dxc4 10. Bxc4 O-O 11. dxc5 Bxc5 12. a3 Bd6 13. Qe2 Rb8 14. Rfd1 Qe7
15. e4 Bf4 16. e5 Nd7 17. b4 Rfd8 18. Bd3 Nf8 19. Nc4 Ng6 20. g3 Bh6 21. Be4
Ba8 22. h4 b5 23. Ne3 Nd4 24. Rxd4 Rxd4 25. Bxa8 Bxe3 26. Qxe3 Rc4 27. Be4 Rd8
28. Bd4 a6 29. h5 Nf8 30. Bc5 Qc7 31. Kg2 Qd7 32. Bxf8 Rxf8 33. h6 f5 34. exf6
gxf6 35. Bd3 Rc6 36. Re1 Kh8 37. Be4 Rd6 38. Qc3 Kg8 39. Rc1 Qf7 40. Qc7 Qxc7
41. Rxc7 f5 42. Rg7+ Kh8 43. Bc2 e5 44. Nxe5 Rxh6 45. Re7 Rhf6 46. Bb3 Rb6 47.
f4 Ra8 48. Bd5 Rc8 49. Nf7+ 1-0

[Event "Campeonato Iberoamericano"]
[Site "Ayamonte ESP"]
[Date "2006.11.17"]
[Round "8"]
[White "Campora, Daniel H"]
[Black "Barrero Garcia, Carlos"]
[Result "1/2-1/2"]
[WhiteElo "2530"]
[BlackElo "2313"]
[PlyCount "24"]
[EventDate "2006.11.10"]
[EventType "k.o."]
[EventRounds "9"]
[EventCountry "ESP"]
[Source "lmi"]
[SourceDate "2006.11.10"]

1. f4 Nf6 2. Nf3 g6 3. g3 Bg7 4. Bg2 O-O 5. O-O c5 6. d3 d5 7. Nbd2 c4 8. e4
cxd3 9. cxd3 Qb6+ 10. Kh1 Ng4 11. Qe1 dxe4 12. Nxe4 Nc6 1/2-1/2

[Event "Campeonato Iberoamericano"]
[Site "Ayamonte ESP"]
[Date "2006.11.18"]
[Round "9"]
[White "Matamoros Franco, Carlos S"]
[Black "De La Riva Aguado, Oscar"]
[Result "1/2-1/2"]
[WhiteElo "2534"]
[BlackElo "2524"]
[PlyCount "23"]
[EventDate "2006.11.10"]
[EventType "k.o."]
[EventRounds "9"]
[EventCountry "ESP"]
[Source "lmi"]
[SourceDate "2006.11.10"]

1. c4 e5 2. Nc3 Nf6 3. Nf3 Nc6 4. d3 h6 5. g3 Bc5 6. Bg2 d6 7. O-O O-O 8. b3 a6
9. Bb2 Re8 10. e3 Ba7 11. h3 Bf5 12. Kh2 1/2-1/2

[Event "Campeonato Iberoamericano"]
[Site "Ayamonte ESP"]
[Date "2006.11.18"]
[Round "9"]
[White "Guillen Ramirez, Jose Antonio"]
[Black "Mekhitarian, Krikor Sevag"]
[Result "0-1"]
[WhiteElo "2301"]
[BlackElo "2425"]
[PlyCount "82"]
[EventDate "2006.11.10"]
[EventType "k.o."]
[EventRounds "9"]
[EventCountry "ESP"]
[Source "lmi"]
[SourceDate "2006.11.10"]

1. d4 Nf6 2. c4 e6 3. Nf3 b6 4. g3 Ba6 5. b3 b5 6. c5 Bb7 7. Bg2 d6 8. cxd6
Bxd6 9. O-O O-O 10. Nc3 a6 11. Bg5 Nbd7 12. Qc2 h6 13. Bxf6 Nxf6 14. Rfd1 Ra7
15. e4 Qa8 16. d5 e5 17. a4 b4 18. Ne2 Rc8 19. Bh3 Rd8 20. Rac1 a5 21. Nh4 g6
22. Ng2 Ra6 23. Ne3 c6 24. Bg2 cxd5 25. exd5 Bb8 26. Qd2 Kg7 27. Rc5 Ba7 28.
Rc7 Qb8 29. Rdc1 Bb6 30. Re7 Kf8 31. Nf5 gxf5 32. Rxb7 Qxb7 33. Qxh6+ Ke8 34.
d6 Bxf2+ 35. Kf1 Ne4 36. Bxe4 fxe4 37. Qh8+ Kd7 38. Qf6 Rc6 39. Qf5+ Kxd6 40.
Qf6+ Kc7 41. Qe7+ Kc8 0-1

[Event "Campeonato Iberoamericano"]
[Site "Ayamonte ESP"]
[Date "2006.11.18"]
[Round "9"]
[White "Izquierdo, Daniel"]
[Black "Narciso Dublan, Marc"]
[Result "1/2-1/2"]
[WhiteElo "2310"]
[BlackElo "2511"]
[PlyCount "22"]
[EventDate "2006.11.10"]
[EventType "k.o."]
[EventRounds "9"]
[EventCountry "ESP"]
[Source "lmi"]
[SourceDate "2006.11.10"]

1. d4 e6 2. g3 c5 3. c3 d5 4. Nf3 Nf6 5. Bg2 Nbd7 6. O-O Bd6 7. Nbd2 O-O 8. e4
cxd4 9. Nxd4 Nc5 10. exd5 exd5 11. N2b3 h6 1/2-1/2

[Event "Campeonato Iberoamericano"]
[Site "Ayamonte ESP"]
[Date "2006.11.18"]
[Round "9"]
[White "Fernandez Romero, Ernesto"]
[Black "Peralta, Fernando"]
[Result "1/2-1/2"]
[WhiteElo "2442"]
[BlackElo "2574"]
[PlyCount "124"]
[EventDate "2006.11.10"]
[EventType "k.o."]
[EventRounds "9"]
[EventCountry "ESP"]
[Source "lmi"]
[SourceDate "2006.11.10"]

1. e4 c6 2. d4 d5 3. Nc3 dxe4 4. Nxe4 Bf5 5. Ng3 Bg6 6. h4 h6 7. Nf3 Nd7 8. h5
Bh7 9. Bd3 Bxd3 10. Qxd3 e6 11. Bd2 Ngf6 12. O-O-O Be7 13. Kb1 O-O 14. Ne4 c5
15. Nxf6+ Nxf6 16. Be3 Qc7 17. Qe2 Rac8 18. dxc5 Bxc5 19. Bxc5 Qxc5 20. Ne5
Rfd8 21. g4 Nd5 22. c4 Ne7 23. Rhe1 Nc6 24. Nxc6 Qxc6 25. b3 a6 26. f3 b5 27.
Rc1 bxc4 28. Rxc4 Qd6 29. Rxc8 Rxc8 30. Rd1 Qc6 31. Qd3 a5 32. Kb2 Qc5 33. Qd2
Qe5+ 34. Kb1 a4 35. Rc1 Rb8 36. Rc3 axb3 37. axb3 Kh7 38. Qc2+ f5 39. gxf5 exf5
40. Rc5 Rxb3+ 41. Qxb3 Qxc5 42. Qf7 f4 43. Qg6+ Kg8 44. Qg4 Qc6 45. Qf5 Qc4 46.
Qg4 Qd3+ 47. Kc1 Qd4 48. Qf5 Qc4+ 49. Kd2 Qd4+ 50. Kc1 Qd6 51. Qc8+ Kf7 52.
Qf5+ Ke7 53. Qe4+ Kd7 54. Qf5+ Kc6 55. Qc8+ Kb6 56. Qg4 Qe5 57. Kd1 Kc5 58. Kd2
Qe3+ 59. Kd1 Qe5 60. Kd2 Kb4 61. Kc2 Qe2+ 62. Kc1 Kb3 1/2-1/2

[Event "Campeonato Iberoamericano"]
[Site "Ayamonte ESP"]
[Date "2006.11.18"]
[Round "9"]
[White "Mateo, Ramon"]
[Black "Campora, Daniel H"]
[Result "1/2-1/2"]
[WhiteElo "2415"]
[BlackElo "2530"]
[PlyCount "21"]
[EventDate "2006.11.10"]
[EventType "k.o."]
[EventRounds "9"]
[EventCountry "ESP"]
[Source "lmi"]
[SourceDate "2006.11.10"]

1. d4 d5 2. c4 e6 3. Nc3 Nf6 4. cxd5 exd5 5. Bg5 Be7 6. Qc2 Nbd7 7. e3 c6 8.
Bd3 O-O 9. Nge2 Re8 10. h3 Nf8 11. O-O-O 1/2-1/2